[Event "Gibtelecom Masters"]
[Site "Gibraltar Gibraltar"]
[Date "2007.01.29"]
[Round "6.66"]
[White "Compton, Alistair"]
[Black "Blikra Vea, Odin"]
[Result "1/2-1/2"]
[WhiteElo "2093"]
[BlackElo "2147"]
[PlyCount "93"]
[EventDate "2007.01.23"]

1. e4 c5 2. Nc3 e6 3. f4 d5 4. Nf3 Nc6 5. Bb5 Nf6 6. d3 dxe4 7. Bxc6+ bxc6 8.
Nxe4 Nxe4 9. dxe4 Qxd1+ 10. Kxd1 f6 11. c4 a5 12. Be3 Be7 13. Kc2 Kf7 14. Rad1
Ba6 15. b3 Rhd8 16. Rxd8 Rxd8 17. Rd1 Rxd1 18. Kxd1 Bc8 19. Ne1 g5 20. g3 gxf4
21. gxf4 Kg6 22. Ke2 Kh5 23. Kf3 a4 24. Nd3 axb3 25. axb3 Bd7 26. Bxc5 Bd8 27.
b4 Bc8 28. b5 cxb5 29. cxb5 Bb7 30. Nb4 f5 31. Nc6 fxe4+ 32. Kxe4 Bc7 33. Ke3
Kg4 34. Ne5+ Bxe5 35. fxe5 Kh3 36. Kf4 Kxh2 37. Kg5 Kg3 38. Kh6 Be4 39. Kg5 Kf3
40. b6 Bd5 41. Kf6 Ke4 42. Bd6 Kd4 43. Kg5 Kc4 44. Kh6 Be4 45. Be7 Kb5 46. Bd8
Kc6 47. Bc7 1/2-1/2

[Event "Gibtelecom Masters"]
[Site "Gibraltar Gibraltar"]
[Date "2007.01.29"]
[Round "6.67"]
[White "Van Kemenade, Rudi"]
[Black "Dworakowska, Joanna"]
[Result "0-1"]
[WhiteElo "2048"]
[BlackElo "2376"]
[PlyCount "74"]
[EventDate "2007.01.23"]

1. e4 c5 2. Nf3 Nc6 3. Bb5 g6 4. O-O Bg7 5. c3 Nf6 6. Re1 O-O 7. h3 e5 8. d3
Qc7 9. Bg5 a6 10. Ba4 b5 11. Bc2 h6 12. Be3 d6 13. Nbd2 Bb7 14. Nf1 Nd8 15. Qd2
Kh7 16. g4 d5 17. Nxe5 Qxe5 18. f4 Qc7 19. e5 d4 20. cxd4 cxd4 21. Bxd4 Qc6 22.
Ng3 Ne6 23. Be3 Nd5 24. d4 Nxe3 25. Rxe3 Nxf4 26. Rc3 Qg2+ 27. Qxg2 Bxg2 28.
Nh5 Nxh5 29. gxh5 Bd5 30. Rg3 Rac8 31. hxg6+ fxg6 32. Bxg6+ Kh8 33. h4 Rf4 34.
h5 Rxd4 35. Re3 Rf8 36. e6 Rh4 37. e7 Rh1# 0-1

[Event "Gibtelecom Masters"]
[Site "Gibraltar Gibraltar"]
[Date "2007.01.29"]
[Round "6.68"]
[White "McGrane, Stephen"]
[Black "Ashby, Anthony"]
[Result "1/2-1/2"]
[WhiteElo "2031"]
[BlackElo "2226"]
[PlyCount "87"]
[EventDate "2007.01.23"]

1. e4 e6 2. d4 d5 3. Nc3 Bb4 4. e5 c5 5. a3 Bxc3+ 6. bxc3 Ne7 7. Qg4 Qc7 8.
Qxg7 Rg8 9. Qxh7 cxd4 10. Ne2 Nbc6 11. f4 dxc3 12. Qd3 Bd7 13. Qxc3 O-O-O 14.
Rb1 Nf5 15. Rg1 d4 16. Qd3 Be8 17. g4 Nh4 18. Rg3 f6 19. exf6 Bg6 20. Qc4 Qd7
21. Ng1 e5 22. f5 Bf7 23. Qc5 e4 24. Bf4 Bd5 25. Ba6 e3 26. Rxb7 Qxb7 27. Bxb7+
Kxb7 28. Qb5+ Ka8 29. Ke2 Be4 30. Nf3 Nxf3 31. Rxf3 Rxg4 32. Bg3 d3+ 33. Kxe3
dxc2 34. Rf1 Nd4 35. Qc5 Bb7 36. Bf4 Nb3 37. Qb5 Nd4 38. Qc5 Nxf5+ 39. Qxf5 Rd1
40. Qxc2 Rxf1 41. Qc7 Rf3+ 42. Ke2 Rg2+ 43. Ke1 Rg1+ 44. Ke2 1/2-1/2

[Event "Gibtelecom Masters"]
[Site "Gibraltar Gibraltar"]
[Date "2007.01.29"]
[Round "6.69"]
[White "Menon, Shanker"]
[Black "Dawson, Jeff"]
[Result "1/2-1/2"]
[WhiteElo "2194"]
[BlackElo "2027"]
[PlyCount "28"]
[EventDate "2007.01.23"]

1. e4 d5 2. e5 c5 3. f4 Nc6 4. Nf3 Bf5 5. Bb5 Qb6 6. Bxc6+ bxc6 7. d3 e6 8. Nc3
c4 9. dxc4 Bc5 10. cxd5 cxd5 11. Na4 Qb4+ 12. c3 Qe4+ 13. Kf1 Qc4+ 14. Ke1 Qe4+
1/2-1/2

[Event "Gibtelecom Masters"]
[Site "Gibraltar Gibraltar"]
[Date "2007.01.29"]
[Round "6.70"]
[White "Perez Romero, Carlos"]
[Black "Mundaca, Juan"]
[Result "0-1"]
[WhiteElo "2019"]
[BlackElo "2167"]
[PlyCount "78"]
[EventDate "2007.01.23"]

1. e4 c5 2. Nc3 Nc6 3. Bb5 g6 4. Bxc6 dxc6 5. f4 Bg7 6. Nf3 Nf6 7. d3 Qc7 8.
Be3 b6 9. O-O Ng4 10. Bd2 Bd7 11. h3 Nh6 12. Qe1 O-O-O 13. Qh4 f6 14. Rae1 e6
15. Nd1 f5 16. e5 Nf7 17. Qg3 Rdg8 18. h4 Nd8 19. a4 a5 20. Ne3 b5 21. axb5
cxb5 22. Ra1 Nb7 23. Qe1 b4 24. b3 Bb5 25. Nc4 Bxc4 26. dxc4 Rd8 27. c3 Rd3 28.
cxb4 cxb4 29. Ng5 h6 30. Nxe6 Qb6+ 31. Kh1 Qxe6 32. Bxb4 axb4 33. Qxb4 Kc7 34.
Rfb1 Bf8 35. Qe1 Bc5 36. b4 Bd4 37. Ra2 Qc6 38. Kh2 Qxc4 39. Qe2 Rc3 0-1

[Event "Gibtelecom Masters"]
[Site "Gibraltar Gibraltar"]
[Date "2007.01.29"]
[Round "6.71"]
[White "Soraas, Torben"]
[Black "Hamer, Martyn"]
[Result "1-0"]
[WhiteElo "2155"]
[BlackElo "1987"]
[PlyCount "131"]
[EventDate "2007.01.23"]

1. e4 e5 2. Nf3 Nf6 3. Nxe5 d6 4. Nf3 Nxe4 5. Nc3 Nxc3 6. dxc3 Be7 7. Be3 O-O
8. Qd2 Bf5 9. h3 Nc6 10. O-O-O a5 11. Ng5 a4 12. g4 Bg6 13. h4 h6 14. f4 hxg5
15. f5 Bxf5 16. gxf5 gxh4 17. a3 Ne5 18. Be2 Bf6 19. Rdg1 Re8 20. Bg5 Kf8 21.
Rxh4 Ke7 22. Bb5 c6 23. Bxf6+ gxf6 24. Bxa4 Rg8 25. Re1 Qd7 26. Rb4 b5 27. Bb3
Qxf5 28. c4 Rab8 29. cxb5 cxb5 30. Qd5 Qe6 31. Rxb5 Qxd5 32. Rxd5 Rg4 33. Ra5
f5 34. Rf1 Kf6 35. Ra6 Rd8 36. a4 Kg5 37. a5 d5 38. Rb6 Nc4 39. Bxc4 dxc4 40.
a6 Ra8 41. Kd2 Rg3 42. b4 cxb3 43. cxb3 Rg2+ 44. Kc3 Ra2 45. Rb5 R8xa6 46.
Rbxf5+ Kg6 47. Rxf7 Rc6+ 48. Kd4 Rb6 49. R7f3 Rg2 50. Kc5 Rb8 51. Rf6+ Kg7 52.
R6f3 Rc2+ 53. Kd4 Rg2 54. Ke5 Rb7 55. Ke6 Rb6+ 56. Kd7 Rb7+ 57. Kc6 Rb8 58. Kc7
Rb4 59. Rc1 Rgg4 60. Rcc3 Rh4 61. Rc6 Rh7 62. Rd6 Kg8+ 63. Kc6 Rh5 64. Rd5 Rh6+
65. Kc5 Rhb6 66. Rg5+ 1-0

[Event "Gibtelecom Masters"]
[Site "Gibraltar Gibraltar"]
[Date "2007.01.29"]
[Round "6.72"]
[White "Millward, Richard"]
[Black "Strand, Haakon"]
[Result "1-0"]
[WhiteElo "2140"]
[BlackElo "2015"]
[PlyCount "111"]
[EventDate "2007.01.23"]

1. e4 e5 2. Nf3 Nc6 3. Bb5 a6 4. Ba4 Nf6 5. O-O Nxe4 6. Re1 Nc5 7. Bxc6 dxc6 8.
d4 Ne6 9. dxe5 Qxd1 10. Rxd1 Be7 11. b3 Bd7 12. a4 Rd8 13. Bb2 O-O 14. Nbd2 Nf4
15. Kf1 Be6 16. Nd4 Rd7 17. g3 Bh3+ 18. Ke1 Ne6 19. Nc4 Nxd4 20. Rxd4 Bb4+ 21.
Ke2 Rd5 22. Rh4 Bc8 23. Ne3 Rd2+ 24. Kf3 Bc5 25. Rc4 Bxe3 26. Kxe3 Rd5 27. f4
Rfd8 28. Rd4 Bf5 29. c4 R5d7 30. b4 Kf8 31. a5 Ke8 32. g4 Bxg4 33. Rg1 Bf5 34.
Rxg7 Bg6 35. e6 fxe6 36. Rg8+ Ke7 37. Rg7+ Ke8 38. Rdxd7 Rxd7 39. Rg8+ Ke7 40.
Bd4 Be8 41. Bc5+ Kd8 42. Ke4 Rf7 43. Rh8 Rf5 44. Bd4 Rh5 45. Rg8 Rf5 46. Be5
Kd7 47. Kd4 Rf7 48. h4 Rf5 49. Ke3 Kd8 50. Bxc7+ Kxc7 51. Rxe8 Kd7 52. Rb8 Kc7
53. Rg8 Rh5 54. Ke4 Rxh4 55. Rg7+ Kd6 56. c5# 1-0

[Event "Gibtelecom Masters"]
[Site "Gibraltar Gibraltar"]
[Date "2007.01.29"]
[Round "6.73"]
[White "Campbell, Ian"]
[Black "Ocana Roca, Juan"]
[Result "0-1"]
[WhiteElo "2008"]
[BlackElo "2130"]
[PlyCount "132"]
[EventDate "2007.01.23"]

1. Nf3 c5 2. e3 g6 3. d4 cxd4 4. exd4 Bg7 5. Bd3 d5 6. O-O Nc6 7. c3 Nf6 8. Re1
O-O 9. Nbd2 Nd7 10. Qb3 Qa5 11. Qb5 Qxb5 12. Bxb5 Re8 13. Nf1 a6 14. Ba4 b5 15.
Bb3 Nb6 16. Ne3 Rd8 17. a3 Na5 18. Bc2 Kf8 19. b3 Nc6 20. Bb2 Bb7 21. Rad1 a5
22. Bd3 Ba6 23. Rc1 a4 24. b4 Ra7 25. Kf1 Rad7 26. g3 h5 27. Re2 e5 28. dxe5
Bxe5 29. Nc2 Bg7 30. Ncd4 Nxd4 31. Nxd4 Nc4 32. Bxc4 dxc4 33. Rce1 Rc8 34. Re3
Rdc7 35. Rd1 Bf6 36. f4 Rd8 37. Ke2 Bc8 38. Rd2 Bg4+ 39. Ke1 Rcd7 40. h4 Kg7
41. Kf2 Kf8 42. Ba1 Re8 43. Rxe8+ Kxe8 44. Bb2 Bxd4+ 45. Rxd4 Rxd4 46. cxd4 Kd7
47. Bc3 Kd6 48. Ke3 Kd5 49. Bb2 Bh3 50. Bc3 Bf5 51. Bb2 Bh3 52. Bc3 Bg2 53. Kf2
Be4 54. Ke2 Bh1 55. Ke3 f6 56. f5 g5 57. Bb2 Be4 58. hxg5 fxg5 59. f6 Bg6 60.
Bc3 Ke6 61. Bb2 Be8 62. Bc3 Bc6 63. Bb2 Bd5 64. Bc3 Kxf6 65. Be1 Kf5 66. Bd2 h4
0-1

[Event "Gibtelecom Masters"]
[Site "Gibraltar Gibraltar"]
[Date "2007.01.29"]
[Round "6.74"]
[White "Jameson, David"]
[Black "Savory, Richard"]
[Result "1/2-1/2"]
[WhiteElo "1972"]
[BlackElo "2119"]
[PlyCount "42"]
[EventDate "2007.01.23"]

1. e4 c5 2. Nf3 d6 3. d4 cxd4 4. Nxd4 Nf6 5. Nc3 a6 6. Be2 e5 7. Nb3 Be7 8. O-O
Nbd7 9. a4 O-O 10. a5 b5 11. axb6 Nxb6 12. Be3 Qc7 13. Qd3 Be6 14. Bxb6 Qxb6
15. Rxa6 Rxa6 16. Qxa6 Qb4 17. Qa5 Qb7 18. Qb5 Qc7 19. Qa5 Qb7 20. Qb5 Qc7 21.
Qa5 Qb7 1/2-1/2

[Event "Gibtelecom Masters"]
[Site "Gibraltar Gibraltar"]
[Date "2007.01.29"]
[Round "6.76"]
[White "Fellousi, Abdelaziz"]
[Black "Mayers, Dan"]
[Result "1-0"]
[WhiteElo "2118"]
[BlackElo "1965"]
[PlyCount "75"]
[EventDate "2007.01.23"]

1. d4 e6 2. Nf3 Nf6 3. e3 b6 4. Bd3 Bb7 5. Nbd2 c5 6. O-O Nc6 7. c3 Rc8 8. Qe2
Be7 9. Ne1 e5 10. dxc5 bxc5 11. e4 d5 12. f4 O-O 13. Nc2 c4 14. Nxc4 dxc4 15.
Bxc4 Nxe4 16. Bd3 Bc5+ 17. Be3 Qd5 18. c4 Qd6 19. Bxe4 Nd4 20. Bxd4 exd4 21.
Bd3 Rfe8 22. Qd2 Rcd8 23. b4 Re3 24. bxc5 Qc6 25. Rf2 Rde8 26. Nxd4 Qxc5 27.
Nb3 Qb6 28. c5 Qe6 29. Bf1 Qg6 30. Rd1 h6 31. Qd6 Qg4 32. Rc1 R8e6 33. Qb8+ Kh7
34. Qxb7 Rg6 35. f5 Rg5 36. Qxf7 Rh3 37. Bc4 Qf4 38. Rxf4 1-0

[Event "Gibtelecom Masters"]
[Site "?"]
[Date "2007.01.29"]
[Round "6.77"]
[White "Agdestein, Emil"]
[Black "Solari, Riccardo"]
[Result "1-0"]
[WhiteElo "2116"]
[BlackElo "1960"]
[PlyCount "55"]
[EventDate "2007.01.26"]

1. e4 e6 2. d4 d5 3. Bd3 dxe4 4. Bxe4 Nf6 5. Bf3 c5 6. Ne2 Nc6 7. Be3 Qb6 8.
Nbc3 cxd4 9. Nxd4 Bc5 10. Bxc6+ bxc6 11. O-O Bxd4 12. Bxd4 Qd8 13. Bc5 Qc7 14.
Qd2 Ba6 15. Rfd1 Nd5 16. Ne4 Rd8 17. b3 Qe5 18. Nd6+ Rxd6 19. Bxd6 Qxd6 20. c4
O-O 21. Rac1 Rd8 22. cxd5 cxd5 23. Qa5 Rd7 24. a4 h6 25. b4 Qb6 26. Qxb6 axb6
27. Rc6 Rb7 28. b5 1-0

[Event "Gibtelecom Masters"]
[Site "Gibraltar Gibraltar"]
[Date "2007.01.29"]
[Round "6.78"]
[White "Johnsen, Magne Kjell"]
[Black "Hocevar, Nikola"]
[Result "1/2-1/2"]
[WhiteElo "1890"]
[BlackElo "2111"]
[PlyCount "80"]
[EventDate "2007.01.23"]

1. d4 d5 2. c4 e6 3. Nc3 Nf6 4. cxd5 exd5 5. Bg5 c6 6. e3 Nbd7 7. Qc2 Be7 8.
Bd3 O-O 9. Nf3 Re8 10. O-O Nf8 11. h3 g6 12. Ne5 N6d7 13. Bf4 Nxe5 14. Bxe5 f6
15. Bh2 Bd6 16. Bxd6 Qxd6 17. Rfe1 Kg7 18. Rab1 Be6 19. b4 Bf7 20. Na4 Rac8 21.
Qc5 Qb8 22. Rec1 b5 23. Nb2 Nd7 24. Qc3 Nb6 25. Bc2 Re7 26. Nd3 Nc4 27. Nc5 Qb6
28. a4 a6 29. axb5 axb5 30. Ra1 Ra7 31. Rxa7 Qxa7 32. Ra1 Qe7 33. Ra6 Rc7 34.
Qa1 Nd6 35. Ra8 Ne4 36. Bxe4 dxe4 37. Qc3 Bd5 38. Qc2 f5 39. Qc3 Ra7 40. Rxa7
Qxa7 1/2-1/2

[Event "Gibtelecom Masters"]
[Site "?"]
[Date "2007.01.29"]
[Round "6.80"]
[White "Sbia, Bachir"]
[Black "Nyland, Thomas"]
[Result "1-0"]
[WhiteElo "1914"]
[BlackElo "2124"]
[PlyCount "135"]
[EventDate "2007.01.26"]

1. e4 e5 2. Nf3 Nc6 3. d4 exd4 4. Bc4 Nf6 5. O-O Nxe4 6. Re1 d5 7. Bxd5 Qxd5 8.
Nc3 Qd8 9. Rxe4+ Be7 10. Nxd4 O-O 11. Nxc6 bxc6 12. Rd4 Qe8 13. Bf4 Rb8 14. b3
Bf6 15. Rd3 Bf5 16. Re3 Qc8 17. Be5 Rd8 18. Qe2 Bxe5 19. Rxe5 Re8 20. Rxe8+
Qxe8 21. Re1 Kf8 22. Qd2 Qd8 23. Qe2 Rb4 24. Nd1 Rd4 25. Ne3 Be6 26. Rd1 Rxd1+
27. Qxd1 Qxd1+ 28. Nxd1 Ke7 29. Kf1 Kd6 30. Ke2 Kc5 31. a3 g5 32. Kd2 Kd4 33.
f3 f5 34. Nc3 h5 35. Ne2+ Ke5 36. Nc1 h4 37. Nd3+ Kd4 38. c3+ Kd5 39. g3 hxg3
40. hxg3 c5 41. c4+ Kd4 42. Nc1 f4 43. gxf4 gxf4 44. Nd3 a5 45. Nxf4 Bd7 46.
Ne2+ Ke5 47. a4 Bf5 48. Ke3 Bc2 49. Nc1 Bd1 50. f4+ Kf5 51. Kd2 Bf3 52. Nd3 Ke4
53. Kc3 Bg4 54. Nxc5+ Kxf4 55. Nb7 Bf3 56. Nxa5 c5 57. b4 cxb4+ 58. Kxb4 Ke5
59. Kc5 Ke6 60. Nc6 Be4 61. Nd4+ Kd7 62. Kb6 Kc8 63. c5 Bg2 64. c6 Bh3 65. a5
Kb8 66. Nb5 Bc8 67. c7+ Ka8 68. Nd6 1-0

[Event "Gibtelecom Masters"]
[Site "Gibraltar Gibraltar"]
[Date "2007.01.29"]
[Round "6.81"]
[White "Arsenault, Nicolas"]
[Black "Yarur Elsaca, Daniel"]
[Result "1-0"]
[WhiteElo "2112"]
[BlackElo "1913"]
[PlyCount "55"]
[EventDate "2007.01.23"]

1. e4 e5 2. Nf3 d6 3. d4 exd4 4. Nxd4 Nf6 5. Nc3 Be7 6. Bc4 O-O 7. O-O Nxe4 8.
Nxe4 d5 9. Bd3 dxe4 10. Bxe4 Na6 11. c3 Nc5 12. Bc2 Re8 13. Qf3 Bf6 14. Be3 Ne6
15. Nf5 Ng5 16. Qf4 Ne6 17. Qg3 Bg5 18. Rad1 Qf6 19. f4 Bh6 20. Nxh6+ Qxh6 21.
f5 Qh5 22. fxe6 Bxe6 23. Bd4 Qh6 24. Rf6 Qh5 25. Rxe6 f6 26. Rxf6 Re4 27. Bb3+
Kh8 28. Rf8+ 1-0

[Event "Gibtelecom Masters"]
[Site "?"]
[Date "2007.01.29"]
[Round "6.82"]
[White "Benaddi, Mouhcine"]
[Black "Kuenitz, Klaus"]
[Result "1-0"]
[WhiteElo "2064"]
[BlackElo "1733"]
[PlyCount "75"]
[EventDate "2007.01.26"]

1. e4 f5 2. exf5 Nf6 3. d4 d5 4. Bd3 Nc6 5. Nf3 e6 6. fxe6 Bxe6 7. O-O Be7 8.
Re1 Bf7 9. Ne5 O-O 10. Nxf7 Rxf7 11. Bg5 Ne4 12. Bxe7 Rxe7 13. c3 Qd6 14. Nd2
Rae8 15. Nxe4 dxe4 16. Bc4+ Kh8 17. Qg4 e3 18. fxe3 Rxe3 19. Rxe3 Rxe3 20. Qg5
Qe7 21. Qxe7 Rxe7 22. Kf2 g6 23. Bd5 Nd8 24. Re1 Rxe1 25. Kxe1 Kg7 26. Kd2 Kf6
27. Ke3 c6 28. Bg8 h5 29. h4 Kg7 30. Bb3 Kf6 31. Kf4 b6 32. g3 Nb7 33. Bc2 Nd6
34. Be4 c5 35. dxc5 bxc5 36. Bd3 c4 37. Bc2 Nb5 38. Ke4 1-0

[Event "Gibtelecom Masters"]
[Site "Gibraltar Gibraltar"]
[Date "2007.01.29"]
[Round "6.85"]
[White "Matto, Manuel"]
[Black "Pollo Mancilla, Ricardo"]
[Result "1-0"]
[WhiteElo "1915"]
[BlackElo "1300"]
[PlyCount "69"]
[EventDate "2007.01.23"]

1. e4 e6 2. d4 d5 3. exd5 exd5 4. Nf3 Be6 5. Be2 Be7 6. a3 Nf6 7. Nc3 O-O 8.
Be3 Nbd7 9. h3 c5 10. g4 Qb6 11. Qc1 cxd4 12. Nxd4 Bc5 13. Nxe6 Qxe6 14. Bxc5
Nxc5 15. Qe3 Nce4 16. Nxe4 Nxe4 17. O-O-O Rfe8 18. Bd3 Qc6 19. Bxe4 Rxe4 20.
Qd3 Rc8 21. Kb1 d4 22. Rhf1 Rf4 23. f3 Qd6 24. Rde1 g5 25. Re4 Rxe4 26. fxe4
Qb6 27. Ka1 Qc5 28. Rf5 Qxc2 29. Rxg5+ Kf8 30. Qb5 Qxe4 31. Qb4+ Qe7 32. Rg8+
Kxg8 33. Qxe7 Rc1+ 34. Ka2 d3 35. Qd8+ 1-0